000 00288nam a2200121 a 4500
008 101021s1984|||| d
100 1 _aKorner, Vladimír
245 1 0 _aLekár umierajúceho času
260 _bTatran
_aBratislava
_c1984
020 _c26
041 _aslo
044 _axo
_cSK
999 _c11932
_d11932